000 00315 a2200145 4500
001 166349
020 _a
040 _cMagnum
100 _aNovoa, Antonio
240 1 0 _aOs professores e a sua formacao
_lpor
245 1 0 _aOs professores e a sua formacao
362 0 _a1899
697 _aPEDAGOGIA
942 _cBK
999 _c166349
_d166349